00497cam a2200157Ia 4500020002400000040000800024082002600032245007500058260004300133300005800176650001300234650002200247650003200269700001900301700001900320 a3540322019 (hd.bd.) cOHX a333 ERI 2006 A118 Or.00aLand-use and land-cover change :blocal processes and global impacts / aBerlin ;aNew York :bSpringer,cc2006 axviii, 222 p. :bill. (some col.), col. maps ;c28 cm 0aLand use 0aLandscape changes 0aGlobal environmental change1 aLambin, Eric F1 aGeist, Helmut,